Les transferts de football les plus chers par nationalité - Statistiques

Statistiques générales
  • Ce quiz a été pris 150 fois
  • Le résultat moyen est 39 sur 58
Statistiques - réponses
Nationalité Montant de transfert (M €) Saison Venant de Allant à Joueur % Correct
Algerie 67,80 2018-2019 Leicester City Manchester City Riyad Mahrez
97%
Angleterre 117,50 2021-2022 Aston Villa Manchester City Jack Grealish
93%
Belgique 120,80 2019-2020 Chelsea Real Madrid Eden Hazard
88%
Argentine 121,00 2022-2023 Benfica Chelsea Enzo Fernández
88%
France 180,00 2018-2019 AS Monaco Paris SG Kylian Mbappé
88%
Brésil 222,00 2017-2018 Barcelone Paris SG Neymar
88%
Moroc 68,00 2021-2022 Inter Paris SG Achraf Hakimi
87%
Colombie 75,00 2014-2015 AS Monaco Real Madrid James Rodríguez
87%
Gabon 63,75 2017-2018 Borussia Dortmund Arsenal Pierre-Emerick Aubameyang
87%
Norvège 60,00 2022-2023 Borussia Dortmund Manchester City Erling Haaland
86%
Costa Rica 15,00 2019-2020 Real Madrid Paris SG Keylor Navas
86%
Allemagne 80,00 2020-2021 Bayer Leverkusen Chelsea Kai Havertz
85%
Égypte 42,00 2017-2018 AS Roma Liverpool Mohamed Salah
85%
Pologne 45,00 2022-2023 Bayern Munich Barcelone Robert Lewandowski
84%
Pays-Bas 86,00 2019-2020 Ajax Barcelone Frenkie de Jong
83%
Canada 27,00 2020-2021 La Gantoise LOSC Lille Jonathan David
83%
Croatie 90,00 2023-2024 RB Leipzig Manchester City Josko Gvardiol
83%
Côte d'Ivoire 80,00 2019-2020 LOSC Lille Arsenal Nicolas Pépé
83%
Nigeria 77,50 2020-2021 LOSC Lille Napoli Victor Osimhen
83%
Chili 42,50 2014-2015 Barcelone Arsenal Alexis Sánchez
82%
États-Unis 64,00 2018-2019 Borussia Dortmund Chelsea Christian Pulisic
82%
Cameroun 50,20 2023-2024 Inter Manchester United André Onana
81%
Corée du Sud 50,00 2023-2024 Napoli Bayern Munich Min-jae Kim
80%
Italie 64,00 2023-2024 AC Milan Newcastle United Sandro Tonali
80%
Pays de Galles 101,00 2013-2014 Tottenham Real Madrid Gareth Bale
78%
Bosnie-Herzégovine 60,00 2020-2021 Juventus Turin Barcelone Miralem Pjanic
78%
Suède 70,00 2022-2023 Real Sociedad Newcastle United Alexander Isak
76%
Portugal 127,20 2019-2020 Benfica Atlètico Madrid João Félix
76%
Ghana 50,00 2020-2021 Atlético Madrid Arsenal Thomas Partey
76%
Russie 30,00 2018-2019 CSKA Moscou AS Monaco Aleksandr Golovin
74%
Sénégal 42,00 2022-2023 Napoli Chelsea Kalidou Koulibaly
73%
Équateur 116,00 2023-2024 Brighton Chelsea Moisés Caicedo
73%
Suisse 45,00 2016-2017 Bor. M'gladbach Arsenal Granit Xhaka
72%
Espagne 80,00 2018-2019 Atheltic Chelsea Kepa Arrizabalaga
72%
Ukraine 70,00 2022-2023 Shakhtar D. Chelsea Mykhaylo Mudryk
72%
Serbie 83,50 2021-2022 Fiorentina Juventus Turin Dušan Vlahović
70%
Arménie 42,00 2016-2017 Borussia Dortmund Manchester United Henrikh Mkhitaryan
68%
République tchèque 45,00 2001-2002 Lazio Rome Juventus Turin Pavel Nedved
68%
Danemark 73,90 2023-2024 Atalanta BC Manchester United Rasmus Højlund
68%
Hongrie 70,00 2023-2024 RB Leipzig Liverpool Dominik Szoboszlai
64%
Mexique 45,00 2019-2020 PSV Eindhoven Napoli Hirving Lozano
64%
Bulgarie 38,00 2008-2009 Tottenham Manchester United Dimitar Berbatov
63%
Uruguay 85,00 2022-2023 Benfica Liverpool Darwin Núñez
62%
Turquie 34,00 2015-2016 Atlético Madrid Barcelone Arda Turan
59%
Grèce 36,00 2019-2020 AS Roma Napoli Konstantinos Manolas
52%
Islande 49,40 2017-2018 Swansea City Swansea City FC Everton Gylfi Sigurdsson
48%
République démocratique du Congo 40,00 2017-2018 Villarreal CF BJ Guoan Cédric Bakambu
47%
Monténégro 26,00 2013-2014 Fiorentina Manchester City Stevan Jovetic
39%
Slovénie 24,00 2023-2024 RB Salzbourg RB Leipzig Benjamin Sesko
36%
Slovaquie 34,00 2017-2018 Sampdoria Inter Milan Skriniar
36%
Mcedonia du Nord 24,00 2023-2024 Napoli RB Leipzig Eljif Elmas
35%
Roumanie 25,00 2023-2024 Genoa Tottenham Radu Drăgușin
33%
Biélorussie 17,00 2008-2009 Arsenal Barcelone Aleksandr Hleb
19%
Autriche 25,50 2023-2024 TSG Hoffenheim RB Leipzig Christoph Baumgartner
19%
Albanie 26,50 2021-2022 Hellas Verona AS Roma Marash Kumbulla
17%
Irlande 26,85 2023-2024 Wolverhampton Brentford Nathan Collins
15%
Australie 17,00 2022-2023 Stoke City Leicester City Harry Souttar
8%
Paraguay 24,50 2014-2015 Hellas Verona AS Roma Juan Iturbe
6%
Aucun quiz correspondant
Distribution des résultats
% des personnes avec chaque résultat
Percentile par nombre de réponses
Votre historique - résultats
Vous n’avez pas pris ce quiz